000
00331nam a2200157Ia 4500
100
_a
Tanenbaum /Andrew S.
250
_a
2
942
_c
BK
654
_a
operating system
245
_a
Modern operationg systems
260
_b
Prentice Hall
_c
2003
082
_a
5.43
_b
TAN
300
_a
951
546
_a
ENGLISH
999
_c
34991
_d
34991